Enciclopedia juridica latinoamerica / Instituto de investigaciones juridicas (Registro nro. 11698)
[ vista simple ]
| 000 -LEADER | |
|---|---|
| fixed length control field | 00710nam a22001931a 4500 |
| 001 - CONTROL NUMBER | |
| control field | 11698 |
| 003 - CONTROL NUMBER IDENTIFIER | |
| control field | OSt |
| 005 - DATE AND TIME OF LATEST TRANSACTION | |
| control field | 20260204212252.0 |
| 008 - FIXED-LENGTH DATA ELEMENTS--GENERAL INFORMATION | |
| fixed length control field | 130507s2006||||mx ||||||b||||||||||spa|| |
| 020 ## - NUMERO DE LIBRO INTERNACIONAL NORMALIZADO | |
| International Standard Book Number | 9507277402 |
| 050 ## - LIBRARY OF CONGRESS CALL NUMBER | |
| Classification number | R 340.03 I7e |
| 100 ## - ASIENTO PRINCIPAL -- NOMBRE PERSONAL | |
| Personal name | Instituto de investigaciones juridicas |
| 245 ## - TÍTULO PROPIAMENTE DICHO: SUBTÍTULO | |
| Title | Enciclopedia juridica latinoamerica / Instituto de investigaciones juridicas |
| 264 ## - PRODUCTION, PUBLICATION, DISTRIBUTION, MANUFACTURE, AND COPYRIGHT NOTICE | |
| Place of production, publication, distribution, manufacture | México : Universidad Nacional Autonoma de Mexico |
| 300 ## - PHYSICAL DESCRIPTION | |
| Extensión | 10 tomos de la A a la B |
| 505 ## - NOTA DE CONTENIDO | |
| Formatted contents note | Tomo I (A-B), Tomo II (C-Concub), Tomo III (Concur-costo), Tomo IV (D), Tomo V (E-G), Tomo VI (H-K), Tomo VII (L-N), Tomo VIII (O-Q), Tomo IX (T-Z) |
| 650 ## - ASIENTO SECUNDARIO DE MATERIA -- TERMINO TEMÁTICO | |
| Termino Temático Como Elemento de Entrada | DERECHO - ENCICLOPEDIAÌ |
| 942 ## - ADDED ENTRY ELEMENTS (KOHA) | |
| Source of classification or shelving scheme | Dewey Decimal Classification |
| Koha item type | Libros |
| Withdrawn status | Lost status | Source of classification or shelving scheme | Damaged status | Not for loan | Current library | Date acquired | Total Checkouts | Full call number | Barcode | Date last seen | Price effective from | Koha item type |
|---|---|---|---|---|---|---|---|---|---|---|---|---|
| Dewey Decimal Classification | Biblioteca UTECO | 09/09/2019 | R 340.03 I7E | 016654 | 09/09/2019 | 09/09/2019 | Libros | |||||
| Dewey Decimal Classification | Biblioteca UTECO | 09/09/2019 | R 340.03 I7E | 016655 | 09/09/2019 | 09/09/2019 | Libros | |||||
| Dewey Decimal Classification | Biblioteca UTECO | 09/09/2019 | R 340.03 I7E | 016656 | 09/09/2019 | 09/09/2019 | Libros | |||||
| Dewey Decimal Classification | Biblioteca UTECO | 09/09/2019 | R 340.03 I7E | 016657 | 09/09/2019 | 09/09/2019 | Libros | |||||
| Dewey Decimal Classification | Biblioteca UTECO | 09/09/2019 | R 340.03 I7E | 016658 | 09/09/2019 | 09/09/2019 | Libros | |||||
| Dewey Decimal Classification | Biblioteca UTECO | 09/09/2019 | R 340.03 I7E | 016659 | 09/09/2019 | 09/09/2019 | Libros | |||||
| Dewey Decimal Classification | Biblioteca UTECO | 09/09/2019 | R 340.03 I7E | 016660 | 09/09/2019 | 09/09/2019 | Libros | |||||
| Dewey Decimal Classification | Biblioteca UTECO | 09/09/2019 | R 340.03 I7E | 016661 | 09/09/2019 | 09/09/2019 | Libros | |||||
| Dewey Decimal Classification | Biblioteca UTECO | 09/09/2019 | R 340.03 I7E | 016662 | 09/09/2019 | 09/09/2019 | Libros | |||||
| Dewey Decimal Classification | Biblioteca UTECO | 09/09/2019 | R 340.03 I7E | 016663 | 09/09/2019 | 09/09/2019 | Libros |
